Statistics for All British Isles Historic Counties By Population

Click here to take the quiz!

General Stats

  • This quiz has been taken 20 times
    (19 since last reset)
  • The average score is 68 of 118

Answer Stats

PopulationCounty% Correct
4,942,364LLancashireEN
93%
5,218,838YYorkshireEN
93%
1,668,894CCheshireEN
87%
1,148,373DDerbyshireEN
87%
1,133,463DDevonEN
87%
1,467,037DDurhamEN
87%
2,099,640HHampshireEN
87%
2,747,715KKentEN
87%
1,125,037WWorcestershireEN
87%
1,450,701DDublinIR
80%
2,999,248EEssexEN
80%
1,147,106GGloucestershireEN
80%
1,157,166HHertfordshireEN
80%
4,000,927MMiddlesexEN
80%
1,096,617NNottinghamshireEN
80%
2,159,392SStaffordshireEN
80%
2,975,836SSurreyEN
80%
1,632,885WWarwickshireEN
80%
842,804BBerkshireEN
73%
916,903BBuckinghamshireEN
73%
1,321,460GGlamorganWA
73%
1,008,014LLanarkshireSC
73%
975,403LLeicestershireEN
73%
1,038,510LLincolnshireEN
73%
807,721NNorfolkEN
73%
797,006NNorthumberlandEN
73%
37,677RRutlandEN
73%
1,053,504SSomersetEN
73%
380,495AAberdeenshireSC
67%
615,701AAntrimNI
67%
178,598AArmaghNI
67%
602,847BBedfordshireEN
67%
306,241CCumberlandEN
67%
183,631HHerefordshireEN
67%
514,723MMonmouthshireWA
67%
838,786NNorthamptonshireEN
67%
512,345OOxfordshireEN
67%
156,371PPerthshireSC
67%
472,027SShropshireEN
67%
775,099SSuffolkEN
67%
1,612,454SSussexEN
67%
581,231CCorkIR
60%
533,594CCornwallEN
60%
277,680DDenbighshireWA
60%
543,296DDorsetEN
60%
215,390FFlintshireWA
60%
276,451GGalwayIR
60%
211,776HHuntingdonshireEN
60%
118,077IInverness-shireSC
60%
103,685KKilkennyIR
60%
682,380WWiltshireEN
60%
64,819AArgyllshireSC
53%
67,598BBrecknockshireWA
53%
26,486CCaithnessSC
53%
460,448CCambridgeshireEN
53%
184,232CCarmarthenshireWA
53%
127,419CClareIR
53%
247,971DDerryNI
53%
528,983DDownNI
53%
61,170FFermanaghNI
53%
155,258KKerryIR
53%
205,444LLimerickIR
53%
84,640MMann----
53%
61,956MMontgomeryshireWA
53%
122,122PPembrokeshireWA
53%
12,803SSutherlandSC
53%
87,466WWestmorlandEN
53%
155,485WWicklowIR
53%
69,751AAngleseyWA
47%
264,044AAngusSC
47%
367,676AAyrshireSC
47%
46,537BBanffshireSC
47%
12,534BButeshireSC
47%
139,065CCaernarfonshireWA
47%
75,784CCardiganshireWA
47%
77,160DDumfriesshireSC
47%
74,882EEast LothianSC
47%
365,493FFifeSC
47%
11,223KKinross-shireSC
47%
137,231MMayoIR
47%
220,296MMeathIR
47%
37,874MMerionethshireWA
47%
621,610MMidlothianSC
47%
67,654MMorayshireSC
47%
13,894NNairnshireSC
47%
21,349OOrkneySC
47%
19,074PPeeblesshireSC
47%
25,821RRadnorshireWA
47%
508,064RRenfrewshireSC
47%
69,995RRoscommonIR
47%
23,167SShetlandSC
47%
69,819SSligoIR
47%
244,092SStirlingshireSC
47%
178,440TTyroneNI
47%
127,085WWaterfordIR
47%
163,527WWexfordIR
47%
26,458BBerwickshireSC
40%
61,931CCarlowIR
40%
81,201CCavanIR
40%
50,957CClackmannanshireSC
40%
166,321DDonegalIR
40%
262,419DDunbartonshireSC
40%
246,977KKildareIR
40%
77,670KKincardineshireSC
40%
47,546KKirkcudbrightshireSC
40%
91,657LLaoisIR
40%
35,087LLeitrimIR
40%
46,634LLongfordIR
40%
139,100LLouthIR
40%
64,832MMonaghanIR
40%
82,668OOffalyIR
40%
76,577RRoss and CromartySC
40%
50,800RRoxburghshireSC
40%
16,010SSelkirkshireSC
40%
167,661TTipperaryIR
40%
154,830WWest LothianSC
40%
95,840WWestmeathIR
40%
26,618WWigtownshireSC
40%

Score Distribution

Percentile by Number Answered

Percent of People with Each Score

Your Score History

You have not taken this quiz since the last reset